Guía turística de la provincia de Barcelona
Descripción Física:
155 p. : il., 1 map. pleg. ; 16'5 cm
MARC
| LEADER | 00000nam a2200000Ia 4500 | ||
|---|---|---|---|
| 001 | 1255 | ||
| 008 | 160829s1952 xx 000 0 cat d | ||
| 080 | |a H-1-235 | ||
| 245 | |a Guía turística de la provincia de Barcelona | ||
| 260 | |a Barcelona : |b Diputación Provincial, |c 1952 | ||
| 300 | |a 155 p. : |b il., 1 map. pleg. ; |c 16'5 cm | ||
| 590 | |a El plànol que complementa el llibre s'ha digitalitzat, R. 3300, top. C-9-9 | ||
| 651 | 0 | |a Barcelona (Catalunya : Província) |x Descripcions i viatges |9 52924 | |
| 710 | 1 | |a Barcelona (Catalunya : Província). |b Diputació |9 52408 | |
| 856 | |u #M:\Planols\03\03300.jpg | ||
| 901 | |a Arxiu | ||
| 942 | |n 1 | ||
| 952 | |0 0 |1 0 |4 0 |6 H1235 |7 1 |9 45477 |a Arxiu |b Arxiu |d 2016-12-01 |l 0 |o H-1-235 |p 1255 |r 2016-12-01 00:00:00 |w 2016-12-01 |y ARXIU | ||
| 999 | |c 48642 |d 48642 | ||